Levana nebst pèadagogischen Stücken aus seinen übrigen Werken und dem Leben des vergnügten Schulmeisterleins Maria Wuz in Auenthal / (Record no. 114762)
[ view plain ]
| 000 -LEADER | |
|---|---|
| campo de control de longitud fija | 00680nam a2200181 i 4500 |
| 001 - NÚMERO DE CONTROL | |
| campo de control | 114762 |
| 003 - IDENTIFICADOR DE NÚMERO DE CONTROL | |
| campo de control | ES-MaACL |
| 005 - FECHA Y HORA DE LA ÚLTIMA TRANSACCIÓN | |
| campo de control | 20251015063114.0 |
| 007 - CAMPO FIJO DE DESCRIPCIÓN FÍSICA--INFORMACIÓN GENERAL | |
| campo de control de longitud fija | t| |
| 008 - DATOS DE LONGITUD FIJA--INFORMACIÓN GENERAL | |
| campo de control de longitud fija | 070323d1910 gw ||||1| ger d |
| 100 1# - ENTRADA PRINCIPAL--NOMBRE DE PERSONA | |
| Nombre de persona | Paul, Jean, |
| Fechas asociadas al nombre | 1763-1825 |
| 9 (RLIN) | 149234 |
| 245 10 - MENCIÓN DEL TÍTULO | |
| Título | Levana nebst pèadagogischen Stücken aus seinen übrigen Werken und dem Leben des vergnügten Schulmeisterleins Maria Wuz in Auenthal / |
| Mención de responsabilidad, etc. | Jean Paul Fried. Richters ; mit richters biographie herausgegaben von Karl Lange. |
| 260 ## - PUBLICACIÓN, DISTRIBUCIÓN, ETC. | |
| Lugar de publicación, distribución, etc. | Langensalza : |
| Nombre del editor, distribuidor, etc. | Hermann Beyer, |
| Fecha de publicación, distribución, etc. | 1910. |
| 300 ## - DESCRIPCIÓN FÍSICA | |
| Extensión | C, 351 p. ; |
| Dimensiones | 21 cm. |
| 700 1# - ENTRADA AGREGADA--NOMBRE PERSONAL | |
| Nombre de persona | Lange, Karl. |
| 9 (RLIN) | 70019 |
| 852 ## - LOCALIZACIÓN | |
| Ubicación | ES-MaACL |
| Número de control de estantería | G-15179 |
| Estatus retirado | Estado de pérdida | Estado de daño | No para préstamo | Biblioteca de origen | Biblioteca actual | Ubicación en estantería | Fecha de adquisición | Fuente de adquisición | Total de préstamos | Signatura topográfica completa | Código de barras | Visto por última vez | Precio de reemplazo | Tipo de ítem Koha |
|---|---|---|---|---|---|---|---|---|---|---|---|---|---|---|
| Biblioteca del Ateneo de Madrid | Biblioteca del Ateneo de Madrid | Sala Pecera Planta 3 | 17/01/2008 | G-15179 | 1119675 | 23/02/2023 | 23/02/2023 | Libro impreso |
